feat plk - Statistiques

Statistiques générales
  • Ce quiz a été pris 698 fois
  • Le résultat moyen est 11 sur 18
Statistiques - réponses
Hint Réponse % Correct
hamza pilote
92%
oboy attentat
83%
niska on sait jamais
83%
tessa b tout recommencer
80%
sch hier
79%
heuss l'enfoire chandon et Moët
68%
nekfeu waow
66%
rim'k toutes générations
63%
timal toute l'année
62%
krisy pas ce soir
61%
krisy go
58%
sch incontrolables
57%
sdm en ville
54%
maes cartelo
53%
paluch gozier
50%
aladin 135 corazon
38%
lefa colis piégés
32%
krisy skuu
25%
Aucun quiz correspondant
Distribution des résultats
% des personnes avec chaque résultat
Percentile par nombre de réponses
Votre historique - résultats
Vous n’avez pas pris ce quiz